000 02236nam0a2200361 4500
001 RU\NLR\BIBL_A\021957672
005 20230626154550.0
010 _a978-5-9614-8320-8
_93500
021 _aRU
_bКН-П-23-030324
_9КН-П-23-2999
035 _a(NLR Aleph) 021957672
035 _a(RuMoRGB)011778831
090 _a12306958
_c12306958
100 _a20230606d2023 b y0rusy50 ca
101 0 _arus
102 _aRU
105 _aa|||z||||||a|
181 0 _ab3
_bxb2e
181 1 _ai1
_baxxe
182 1 _an
200 1 _aОбними меня!
_eсказка о том, как Обнимашка хотел спасти мир
_e[для чтения взрослыми детям
_e4-6 лет
_eтетрадь с играми и заданиями внутри]
_fАнастасия Маркелова
_gиллюстратор Е. Смешливая
203 _aИзображение
_aТекст
_bвизуальные
_cнепосредственные
210 _aМосква
_cАльпина дети
_cАльпина паблишер
_d2023
215 _a[48] с.
_cил., цв. ил.
_d21х21
330 _aВсё прекрасно в мире маленького слонёнка Обнимашки: он ходит в детский сад, где готовится к школе, мама рас- сказывает ему сказки перед сном, а в любимом ручье всегда весело квакает семейство лягушек. Но однажды в саванну пришла засуха... Слонёнок видит, как меняется мир вокруг него, а главное - засыхает его любимый пруд! Как же остановить засуху и спасти любимый водоём? И по силам ли маленькому слонёнку противостоять большим проблемам?
333 _a3+
686 0 _aШ9(2)60=Р7-2
700 1 _aМаркелова
_bА. И.
_gАнастасия И
702 1 _aСмешливая
_bЕ. В.
_gЕлена В.
_4440
942 _cBOOK
980 _aNB